Central Library OPAC University of Rajshahi

Cell proliferation : (Record no. 72473)

MARC details
000 -LEADER
fixed length control field 00901nam a2200253 a 4500
001 - CONTROL NUMBER
control field 72473
003 - CONTROL NUMBER IDENTIFIER
rucl marc code BD-RjUL
005 - DATE AND TIME OF LATEST TRANSACTION
control field 20211209082251.0
008 - FIXED-LENGTH DATA ELEMENTS--GENERAL INFORMATION
fixed length control field 170520s1963 enka b 101 0 eng d
035 ## - SYSTEM CONTROL NUMBER
System control number (BD-RjUL)72691
040 ## - CATALOGING SOURCE
Original cataloging agency MNU-B
Transcribing agency MNU-B
Modifying agency MnU
-- BD-RjUL
Language of cataloging eng
041 ## - LANGUAGE CODE
Language code of text/sound track or separate title eng
082 ## - DEWEY DECIMAL CLASSIFICATION NUMBER
Edition number 23
Classification number 571.844
Author mark and year CEL 1963
245 00 - TITLE STATEMENT
Title Cell proliferation :
Remainder of title a Guinness symposium held at University of Dublin, Trinity College /
Statement of responsibility, etc. Edited by L. F. Lamerton and R. J. M. Fry.
260 ## - PUBLICATION, DISTRIBUTION, ETC. (IMPRINT)
Place of publication, distribution, etc. Oxford :
Name of publisher, distributor, etc. Blackwell Scientific Publications,
Date of publication, distribution, etc. c1963
300 ## - PHYSICAL DESCRIPTION
Pagination x, 241 p. :
Illustrations ill. ;
Size 23 cm.
500 ## - GENERAL NOTE
General note Sponsored by A. Guinness Son & Co
504 ## - BIBLIOGRAPHY, ETC. NOTE
Bibliography, etc Includes bibliographies
650 #0 - SUBJECT ADDED ENTRY--TOPICAL TERM
Topical term or geographic name as entry element Cell division
Form subdivision Congresses
9 (RLIN) 214346
700 1# - ADDED ENTRY--PERSONAL NAME
Personal name Fry, R. J. M.
Fuller form of name (Richard Jeremy Michael)
710 2# - ADDED ENTRY--CORPORATE NAME
Corporate name or jurisdiction name as entry element Guinness (Firm)
9 (RLIN) 214348
Corporate name or jurisdiction name as entry element Trinity College (Dublin, Ireland)
9 (RLIN) 214349
942 ## - ADDED ENTRY ELEMENTS (KOHA)
Source of classification or shelving scheme Dewey Decimal Classification
Koha item type Books
Holdings
Lost status Source of classification or shelving scheme Damaged status Not for loan Collection code Permanent Location Current Location Shelving location Date acquired Source of acquisition Cost, normal purchase price Total Checkouts Full call number Date last seen Copy number Koha item type
  Dewey Decimal Classification   Not For Loan Non-fiction Central Library, University of Rajshahi Central Library, University of Rajshahi Reading Room 13/12/1965 Zeitlinger 42.00   571.844 CEL 1963 20/05/2017 C-1 Books